Course "Activism in Cyberspace as a Hybrid Threats Counter" (Запис № 576349)
[ простий вигляд ]
| 000 -Лідер | |
|---|---|
| fixed length control field | 00828 a2200205 4500 |
| 003 - Ідентифікатор контрольного номера | |
| control field | UA-OsUOA |
| 005 - Дата та час останнього входження (трансакції) | |
| control field | 20240515104450.0 |
| 008 - Елементи даних фіксованої довжини – загальна інформація | |
| fixed length control field | 240515b un ||||| |||| 00| 0 ukr d |
| 040 ## - Джерело каталогізації | |
| Мова каталогізації | eng |
| Агенція, яка здійснювала перезапис | UA-OsUOA |
| 080 ## - Індекс Універсальної десяткової класифікації | |
| Індекс Універсальної десяткової класифікації (УДК) (НП) | 004.056 |
| 090 ## - Локальний шифр розміщення | |
| Класифікаційний індекс УДК | 004.056 |
| Авторський знак (НП) | A43 |
| 110 ## - Наймення організації – загальна інформація | |
| Найменування колективу або юрисдикції як початковий елемент введення | Ostroh Academy National University |
| 9 (RLIN) | 2693 |
| 245 ## - Відомості про назву | |
| Назва (НП) | Course "Activism in Cyberspace as a Hybrid Threats Counter" |
| Решта назви (НП) | didactic materials |
| Дані про відповідальність (НП) | Sergey Ishchuk, Tatiana Sidoruk, Dmytro Shevchuk, Olena Shershnyova, Kateryna Yakunina |
| 260 ## - Публікація, розповсюдження і т.п. (Вихідні дані) | |
| Місце публікації, розповсюдження і т.п. (П) | Ostrog |
| Ім’я/ наймення видавництва, розповсюджувача і т.п. (П) | ОА |
| Дата публікації, розповсюдження і т.п. (П) | 2024 |
| 300 ## - Фізичний опис | |
| Обсяг | 92 p. |
| 650 ## - Додаткове предметне введення – тематичний термін | |
| Тематичний термін чи географічна назва, як елемент введення (НП) | 004.056 Якість систем і програмного забезпечення |
| 9 (RLIN) | 2694 |
| 942 ## - Додаткові елементи входу (Коха) | |
| Тип елемента Koha | Книги |
| Source of classification or shelving scheme | Universal Decimal Classification |
| 955 ## - Код типу видання за змістом | |
| Код типу видання за змістом (НП) | Наукові видання |
| Стан вилучень | Стан втрат | Джерело класифікації або схеми стелажів | Стан уражень | Не для кредиту | Постійне місце розташування | Поточне розміщення | Дата придбання | Джерело придбання | Вартість, звичайна ціна покупки | Усього замовленно | Повний номер виклику | Штрих-код | Дата останнього перегляду | Вартість, ціна заміни | Ціна ефективна від | Тип елемента Koha |
|---|---|---|---|---|---|---|---|---|---|---|---|---|---|---|---|---|
| Universal Decimal Classification | ВІЛ - Відділ іноземн. літератури НБ | ВІЛ - Відділ іноземн. літератури НБ | 15/05/2024 | №32/14.05.2024 | 45.00 | 004.056 A43 | 167422 | 15/05/2024 | 45.00 | 15/05/2024 | Книги |